| 000 | 00641nam a22001937a 4500 | ||
|---|---|---|---|
| 003 | 0 | ||
| 005 | 20231106101826.0 | ||
| 008 | 231106b xxu||||| |||| 00| 0 eng d | ||
| 020 | _a978-621-427-108-5 | ||
| 050 |
_aHF 5415 _b.M88 2022 |
||
| 100 | _aMutya, Ruby F. Alminar | ||
| 245 |
_aFundamentals of marketing for senior high school _cRuby F. Alminar-Mutya, |
||
| 260 |
_aManila _bUnlimited Books Library Services & Publishing Inc. _cc2022. |
||
| 300 |
_axiv, 319 pages ; _c25 cm. |
||
| 500 | _aMarketing. | ||
| 504 | _aIncludes bibliographical references and index. | ||
| 650 | _aMarketing, Fundamentals of. | ||
| 942 |
_2lcc _cBK |
||
| 999 |
_c365566 _d365566 |
||